| 000 | 00575cam a2200217 4500 | ||
|---|---|---|---|
| 008 | 090401t1989 xxu||||| |||| 00| 0 eng d | ||
| 020 | _a0902197770 | ||
| 035 | _a(Sirsi) u61071 | ||
| 041 | _aeng | ||
| 050 | _a368.5 | ||
| 100 | _aFlaxman, Roger H. | ||
| 245 | _aHow to protect your reputation: a guide to professional indemnity insurance | ||
| 260 |
_aCambridge _bICSA Publishing Limited _c1989 |
||
| 300 | _aviii,209p. ; 23cm. | ||
| 350 | _a25 | ||
| 650 |
_aInsurance _96249 |
||
| 650 | _aLIABILITY | ||
| 650 | _aNEGLIGENCE | ||
| 942 | _n0 | ||
| 948 | _c04/03/1997 | ||
| 999 |
_c94291 _d94291 |
||